000 00695nam a22002297a 4500
005 20170124110040.0
010 _aA-680105
020 _c45.00
_a8120308336
035 _aA-680105
037 _bCen Lib/Ret
040 _aDPL
_bEN
082 _a882.08
_bSHA
100 _aLyon, John
_923561
245 _aThe merchant of venice /
_cby John Lyon
260 _aNew Delhi
_bPrentice hall of India
_c1993
270 _bNew Delhi
_aB-16, Okhla industrial area
_e110020
300 _axix,152p.
_c21cm(Hb)
500 _aIncludes bibliographical references and index
650 _a literature
_96262
650 _aEpic literature
_9101995
942 _2ddc
_cEN
_h882.08
_mSHA
999 _c128486
_d128486